000 00599nam a2200205Ia 4500
003 GCL
008 140319s9999 xx 000 0 ara d
040 _aGCL /
_cGCL
082 0 4 _a913.03
_bع ت
100 1 _aعزيز السيد جاسم
245 1 0 _aتاملات فى الحضارة والاغتراب /
_cعزيز السيد جاسم
260 _a[S.N] :
_bدار الاندلس للاعلام ،
_c1987
300 _a246
490 _a
650 0 4 _aتاريخ
650 0 4 _aالحضارة
650 0 4 _aالثقافة
650 0 4 _aالتطور الاجتماعى
942 _2ddc
_cBK
999 _c54107
_d54107